<?xml version="1.0" encoding="UTF-8"?><?xml-stylesheet type="text/xsl" href="static/style.xsl"?><OAI-PMH xmlns="http://www.openarchives.org/OAI/2.0/" xmlns:xsi="http://www.w3.org/2001/XMLSchema-instance" xsi:schemaLocation="http://www.openarchives.org/OAI/2.0/ http://www.openarchives.org/OAI/2.0/OAI-PMH.xsd"><responseDate>2026-06-02T02:15:52Z</responseDate><request verb="GetRecord" identifier="oai:riuma.uma.es:10630/45384" metadataPrefix="marc">https://riuma.uma.es/rest/oai/request</request><GetRecord><record><header><identifier>oai:riuma.uma.es:10630/45384</identifier><datestamp>2026-02-12T00:45:50Z</datestamp><setSpec>com_10630_2254</setSpec><setSpec>col_10630_37959</setSpec></header><metadata><record xmlns="http://www.loc.gov/MARC21/slim" xmlns:dcterms="http://purl.org/dc/terms/" xmlns:doc="http://www.lyncode.com/xoai" xmlns:xsi="http://www.w3.org/2001/XMLSchema-instance" xsi:schemaLocation="http://www.loc.gov/MARC21/slim http://www.loc.gov/standards/marcxml/schema/MARC21slim.xsd">
   <leader>00925njm 22002777a 4500</leader>
   <datafield ind2=" " ind1=" " tag="042">
      <subfield code="a">dc</subfield>
   </datafield>
   <datafield ind2=" " ind1=" " tag="720">
      <subfield code="a">Rodríguez-Marín, Francisco José</subfield>
      <subfield code="e">author</subfield>
   </datafield>
   <datafield ind2=" " ind1=" " tag="720">
      <subfield code="a">Noriega Hernández, Javier</subfield>
      <subfield code="e">author</subfield>
   </datafield>
   <datafield ind2=" " ind1=" " tag="720">
      <subfield code="a">Vera Fernández, Carmen</subfield>
      <subfield code="e">author</subfield>
   </datafield>
   <datafield ind2=" " ind1=" " tag="720">
      <subfield code="a">Aumente López, Carmen</subfield>
      <subfield code="e">author</subfield>
   </datafield>
   <datafield ind2=" " ind1=" " tag="720">
      <subfield code="a">Seijas Fernández, Marta</subfield>
      <subfield code="e">author</subfield>
   </datafield>
   <datafield ind2=" " ind1=" " tag="260">
      <subfield code="c">2026-10-20</subfield>
   </datafield>
   <datafield ind2=" " ind1=" " tag="520">
      <subfield code="a">El propósito de esta aportación no es escribir la historia de este cementerio ni la descripción de su singularidad en el contexto de los cementerios españoles, que ya han sido objeto de estudio en anteriores trabajos (Grice-Hutchinson, 1989; Marchant, 2005; Rodríguez, 2011). Tras una necesaria contextualización y sobre esta base se analizan las razones que ocasionaron su deterioro, tanto las históricas y antropológicas, como las físicas. A continuación se describen las pautas de intervención que han permitido el rescate de trece de las tumbas o mausoleos más destacado de la zona monumental que acusaban problemas de conservación, que en los casos más graves, podrían haber conducido a la perdida de parte de sus materialidad y, por ende, de sus valores patrimoniales. El excelente resultado de esta actuación conduce hacia la necesidad de acometer nuevas fases de intervención con el objetivo de devolver a este espacio funerario protegido el esplendor inicial, disminuido por el paso de sus casi 200 años de historia.</subfield>
   </datafield>
   <datafield ind1="8" ind2=" " tag="024">
      <subfield code="a">https://hdl.handle.net/10630/45384</subfield>
   </datafield>
   <datafield tag="653" ind2=" " ind1=" ">
      <subfield code="a">Cementerios - Málaga</subfield>
   </datafield>
   <datafield tag="653" ind2=" " ind1=" ">
      <subfield code="a">Patrimonio histórico artístico</subfield>
   </datafield>
   <datafield ind2="0" ind1="0" tag="245">
      <subfield code="a">Conservar para el futuro. Proceso de restauración en mausoleos del Cementerio Inglés de Málaga (España)</subfield>
   </datafield>
</record>
</metadata></record></GetRecord></OAI-PMH>